[Event "14th TCh-RUS w 2013"]
[Site "Loo RUS"]
[Date "2013.04.13"]
[Round "5"]
[White "Dogodkina, Julia"]
[Black "Shadrina, Tatiana"]
[Result "0-1"]
[WhiteElo "2136"]
[BlackElo "2372"]
[PlyCount "80"]
[EventDate "2013.04.07"]
[WhiteTeam "Economist Saratov"]
[BlackTeam "Yugra"]

1. d4 d5 2. Nf3 Nf6 3. c4 c6 4. Nc3 e6 5. Bg5 h6 6. Bxf6 Qxf6 7. e3 Bd6 8. Be2
O-O 9. O-O Qe7 10. a3 Nd7 11. Rb1 dxc4 12. Bxc4 e5 13. Ne4 Bc7 14. Ng3 e4 15.
Nd2 Nf6 16. Re1 Re8 17. Rc1 Bd7 18. Ndf1 Rad8 19. Be2 g6 20. Bc4 h5 21. Qc2 h4
22. Ne2 Kg7 23. Nc3 Bc8 24. Rcd1 a6 25. Be2 Ng4 26. Rd2 Nf6 27. Red1 Nd5 28.
Re1 Bb8 29. Bd1 Bf5 30. Be2 Qg5 31. Rdd1 Bh3 32. g3 hxg3 33. hxg3 Nf6 34. Qd2
Rh8 35. Bc4 Bg4 36. f4 exf3 37. Qf2 Rh3 38. e4 Rdh8 39. Qe3 Rh1+ 40. Kf2 Bxg3+
0-1

[Event "14th TCh-RUS w 2013"]
[Site "Loo RUS"]
[Date "2013.04.13"]
[Round "5"]
[White "Gunina, Valentina"]
[Black "Zaiatz, Elena"]
[Result "1-0"]
[WhiteElo "2510"]
[BlackElo "2430"]
[PlyCount "75"]
[EventDate "2013.04.07"]
[WhiteTeam "SHSM Nashe Nasledie Moskow"]
[BlackTeam "Ladya Kazan"]

1. d4 Nf6 2. c4 e6 3. Nf3 d5 4. Nc3 Be7 5. g3 dxc4 6. Bg2 c5 7. Qa4+ Nbd7 8.
dxc5 O-O 9. O-O Bxc5 10. Qxc4 a6 11. Qb3 h6 12. Bf4 Qe7 13. Rad1 e5 14. Bc1 Nb6
15. Qc2 Qc7 16. Kh1 Be7 17. Nh4 Be6 18. Nf5 Bb4 19. f4 Rac8 20. fxe5 Qxe5 21.
a3 Bxa3 22. e4 Bxf5 23. Rxf5 Qc7 24. Bxh6 Be7 25. Bf4 Qc4 26. e5 Ne8 27. Be3 g6
28. Rf4 Qe6 29. Qf2 Bd8 30. Rxd8 Rxd8 31. Bxb6 Rd7 32. Bc5 Qxe5 33. Bxf8 Kxf8
34. Re4 Qd6 35. Bh3 Rc7 36. Qe3 Nf6 37. Qh6+ Kg8 38. Rh4 1-0

[Event "14th TCh-RUS w 2013"]
[Site "Loo RUS"]
[Date "2013.04.13"]
[Round "5"]
[White "Ambartsumova, Karina"]
[Black "Girya, Olga"]
[Result "0-1"]
[WhiteElo "2306"]
[BlackElo "2464"]
[PlyCount "90"]
[EventDate "2013.04.07"]
[WhiteTeam "Ladya Kazan"]
[BlackTeam "SHSM Nashe Nasledie Moskow"]

1. e4 c6 2. Nc3 d5 3. Nf3 Bg4 4. h3 Bxf3 5. Qxf3 e6 6. g3 Nf6 7. d3 Bb4 8. Bd2
d4 9. Nb1 Qb6 10. b3 c5 11. Bg2 Nc6 12. O-O Bxd2 13. Nxd2 Qc7 14. Qe2 e5 15.
Kh2 g5 16. a3 Qe7 17. Rfb1 Nd7 18. Bf3 Nf6 19. Bg2 h5 20. b4 cxb4 21. axb4 Nxb4
22. Nc4 Kf8 23. Nxe5 Qxe5 24. Rxb4 h4 25. Rxb7 g4 26. hxg4 hxg3+ 27. Kg1 Rh4
28. f4 Qxf4 29. Rf1 Qh6 30. e5 Re8 31. Rf5 Rxg4 32. Bc6 g2 33. Bxg2 Rf4 34.
Rxf4 Qxf4 35. Qf2 Qc1+ 36. Bf1 Qg5+ 37. Bg2 Rxe5 38. Rxa7 Qc1+ 39. Bf1 Qg5+ 40.
Bg2 Qc1+ 41. Bf1 Rg5+ 42. Kh1 Kg7 43. Re7 Rg4 44. Qf3 Rf4 45. Re1 Rh4+ 0-1

[Event "14th TCh-RUS w 2013"]
[Site "Loo RUS"]
[Date "2013.04.13"]
[Round "5"]
[White "Savina, Anastasia"]
[Black "Belova, Olga"]
[Result "1-0"]
[WhiteElo "2372"]
[BlackElo "2134"]
[PlyCount "73"]
[EventDate "2013.04.07"]
[WhiteTeam "SHSM Nashe Nasledie Moskow"]
[BlackTeam "Ladya Kazan"]

1. d4 Nf6 2. c4 e6 3. Nf3 Bb4+ 4. Bd2 Qe7 5. g3 Nc6 6. Nc3 Bxc3 7. Bxc3 Ne4 8.
Rc1 Nxc3 9. Rxc3 d6 10. Bg2 O-O 11. O-O a5 12. d5 Nb4 13. a3 Na6 14. dxe6 fxe6
15. Nd4 e5 16. Re3 Qg5 17. Nb5 Qh6 18. c5 Nxc5 19. Nxc7 Ra7 20. b4 axb4 21.
axb4 Na6 22. Nb5 Ra8 23. Nxd6 Rd8 24. Nf7 Rxd1 25. Nxh6+ gxh6 26. Rxd1 Be6 27.
Bxb7 Ra7 28. Bxa6 Rxa6 29. Rxe5 Kf7 30. Ra5 Rb6 31. Rd4 Kf6 32. Rf4+ Kg6 33. h4
Bc8 34. Rc5 Bb7 35. h5+ Kg7 36. Rc7+ Kg8 37. Rd4 1-0